[Event "Saratov Shestoperov Memorial"]
[Site "Saratov"]
[Date "2014.06.22"]
[Round "7"]
[White "Ibadov, Dashgyn"]
[Black "Guliev, Gasan"]
[Result "0-1"]
[WhiteElo "1899"]
[BlackElo "1926"]
[PlyCount "72"]
[EventDate "2014.06.16"]
[EventType "swiss"]
[EventRounds "9"]
[EventCountry "RUS"]
[SourceTitle "CBM 161 Extra"]
[Source "ChessBase"]
[SourceDate "2014.08.29"]
[SourceVersion "1"]
[SourceVersionDate "2014.08.29"]
[SourceQuality "1"]

1. e4 c5 2. Nf3 d6 3. d4 cxd4 4. Nxd4 Nf6 5. Nc3 g6 6. Be2 Bg7 7. 0-0 0-0 8. Re1 Nc6 9. Nb3 Be6 10. Bg5 Rc8 11. Bf1 a6 12. Nd5 Bxd5 13. exd5 Ne5 14. c3 Re8 15. a4 Qc7 16. f3 Nc4 17. Bxc4 Qxc4 18. Bxf6 exf6 19. Rxe8+ Rxe8 20. Nd2 Qc5+ 21. Kh1 f5 22. Qf1 Qxd5 23. Rd1 Qc6 24. a5 d5 25. f4 Qa4 26. Re1 Rxe1 27. Qxe1 Qxf4 28. Nf3 Qe4 29. Qd1 Bf6 30. h3 g5 31. Nh2 Qf4 32. Qe2 Be5 33. Nf3 Bd6 34. Kg1 Qe4 35. Qd2 Bf4 36. Qd1 Qe3+ 0-1

[Event "Saratov Shestoperov Memorial"]
[Site "Saratov"]
[Date "2014.06.21"]
[Round "6"]
[White "Guliev, Gasan"]
[Black "Khatkevich, Alexandr"]
[Result "1/2-1/2"]
[WhiteElo "1926"]
[BlackElo "2082"]
[PlyCount "71"]
[EventDate "2014.06.16"]
[EventType "swiss"]
[EventRounds "9"]
[EventCountry "RUS"]
[SourceTitle "CBM 161 Extra"]
[Source "ChessBase"]
[SourceDate "2014.08.29"]
[SourceVersion "1"]
[SourceVersionDate "2014.08.29"]
[SourceQuality "1"]

1. e4 c5 2. Nf3 d6 3. d4 cxd4 4. Nxd4 Nf6 5. Nc3 a6 6. Be3 e6 7. Be2 Bd7 8. a4 Nc6 9. 0-0 Rc8 10. Nxc6 Bxc6 11. f3 d5 12. e5 Nd7 13. f4 Qa5 14. Qd2 g6 15. Bd4 Bc5 16. Rfd1 Bxd4+ 17. Qxd4 Qb6 18. b4 Qxd4+ 19. Rxd4 Nb8 20. b5 Bd7 21. Ra3 a5 22. Rd2 Ke7 23. Nd1 Rc5 24. Ne3 Rhc8 25. Kf2 Be8 26. c4 dxc4 27. Rc3 Nd7 28. Rxc4 Nb6 29. Rxc5 Rxc5 30. Bd1 Rc3 31. g3 h5 32. h4 Ra3 33. Rd4 Ra2+ 34. Kf3 Ra3 35. Kf2 Ra2+ 36. Kf3 1/2-1/2

[Event "Saratov Shestoperov Memorial"]
[Site "Saratov"]
[Date "2014.06.17"]
[Round "2"]
[White "Palin, Denis"]
[Black "Guliev, Gasan"]
[Result "1/2-1/2"]
[WhiteElo "2116"]
[BlackElo "1926"]
[PlyCount "62"]
[EventDate "2014.06.16"]
[EventType "swiss"]
[EventRounds "9"]
[EventCountry "RUS"]
[SourceTitle "CBM 161 Extra"]
[Source "ChessBase"]
[SourceDate "2014.08.29"]
[SourceVersion "1"]
[SourceVersionDate "2014.08.29"]
[SourceQuality "1"]

1. c4 e6 2. d4 d5 3. cxd5 exd5 4. Nf3 Nf6 5. Nc3 Bb4 6. Qa4+ Nc6 7. Ne5 Bd7 8. Nxc6 Bxc3+ 9. bxc3 Bxc6 10. Qa3 Ne4 11. g3 Qf6 12. f3 Nd6 13. Bf4 Nc4 14. Qb3 g5 15. Bc1 0-0-0 16. Bh3+ Bd7 17. Bxd7+ Rxd7 18. 0-0 Qe6 19. e4 f6 20. Qa4 a6 21. Rb1 dxe4 22. Qb3 c6 23. fxe4 Qxe4 24. Rxf6 Ne3 25. Bxe3 Qxe3+ 26. Kh1 Qe4+ 27. Kg1 Qe3+ 28. Kh1 Qe4+ 29. Kg1 Qe3+ 30. Kh1 Qe4+ 31. Kg1 Qe3+ 1/2-1/2

[Event "Saratov Shestoperov Memorial"]
[Site "Saratov"]
[Date "2014.06.16"]
[Round "1"]
[White "Guliev, Gasan"]
[Black "Kocheryagina, Polina"]
[Result "0-1"]
[WhiteElo "1926"]
[BlackElo "1634"]
[PlyCount "90"]
[EventDate "2014.06.16"]
[EventType "swiss"]
[EventRounds "9"]
[EventCountry "RUS"]
[SourceTitle "CBM 161 Extra"]
[Source "ChessBase"]
[SourceDate "2014.08.29"]
[SourceVersion "1"]
[SourceVersionDate "2014.08.29"]
[SourceQuality "1"]

1. Nf3 e6 2. g3 f5 3. Bg2 Nf6 4. 0-0 d5 5. d3 Bd6 6. c4 c6 7. Nc3 0-0 8. Qc2 d4 9. Nxd4 Bxg3 10. hxg3 Qxd4 11. b4 Qg4 12. e3 e5 13. Ne2 Nh5 14. Rb1 Nd7 15. Kh2 f4 16. exf4 exf4 17. Nxf4 Ne5 18. Qd1 Nxf4 19. Bxf4 Rxf4 20. gxf4 Qxf4+ 21. Kg1 Ng4 22. Re1 Qxf2+ 23. Kh1 Qh4+ 24. Kg1 Bd7 25. Re2 Rf8 26. Bf3 Qg3+ 27. Rg2 Qxf3 28. Qxf3 Rxf3 29. Rd2 Bf5 30. Kg2 Rxd3 31. Rxd3 Bxd3 32. Re1 Bxc4 33. Re8+ Kf7 34. Rb8 Ba6 35. a4 Kg6 36. Ra8 Ne3+ 37. Kf2 Nd5 38. b5 cxb5 39. axb5 Bxb5 40. Rxa7 Bc6 41. Ra8 h5 42. Kg3 Kg5 43. Rd8 g6 44. Rd6 Nf6 45. Rd4 Ne4+ 0-1

[Event "Saratov-ch"]
[Site "Saratov"]
[Date "2014.03.05"]
[Round "9"]
[White "Polyakov, Petr"]
[Black "Guliev, Gasan"]
[Result "1/2-1/2"]
[WhiteElo "1661"]
[BlackElo "2000"]
[PlyCount "179"]
[EventDate "2014.02.24"]
[EventType "swiss"]
[EventRounds "9"]
[EventCountry "RUS"]
[SourceTitle "CBM 159 Extra"]
[Source "ChessBase"]
[SourceDate "2014.04.24"]
[SourceVersion "1"]
[SourceVersionDate "2014.04.24"]
[SourceQuality "1"]

1. d4 d5 2. c4 c6 3. Nc3 Nf6 4. e3 e6 5. Bd3 Nbd7 6. b3 Bb4 7. Bd2 0-0 8. Nge2 e5 9. Bf5 dxc4 10. bxc4 exd4 11. exd4 Qa5 12. Qc2 Re8 13. Be3 Nb6 14. Bd3 Na4 15. Rc1 Nxc3 16. Nxc3 Ng4 17. 0-0 Bd6 18. h3 Qh5 19. Qe2 Qh4 20. Ne4 Rxe4 21. Bxe4 Nh2 22. f4 Nxf1 23. Rxf1 Qe7 24. Qf3 Bd7 25. Bd2 Re8 26. Bd3 Qf6 27. Bc3 Bb4 28. Bxb4 Qxd4+ 29. Kh1 Re3 30. Rd1 Rxf3 31. Bxh7+ Kxh7 32. Rxd4 Rf1+ 33. Kh2 Be6 34. a3 Rc1 35. c5 Bd5 36. Rd2 Rc4 37. Kg3 Kg6 38. Kg4 Be6+ 39. Kf3 Bd5+ 40. Kg4 Kf6 41. h4 Rc1 42. Re2 Be6+ 43. Kf3 b6 44. cxb6 axb6 45. Bd6 Rc3+ 46. Kf2 Rb3 47. h5 g6 48. h6 g5 49. Be5+ Kg6 50. fxg5 Rxa3 51. Rd2 Ra2 52. Ke3 Rxd2 53. Kxd2 Bf5 54. Kc3 Kxg5 55. Bg7 Bg6 56. g3 Kf5 57. Kd4 Ke6 58. Bf8 c5+ 59. Kc4 Kd7 60. Kd5 f6 61. g4 Bf7+ 62. Ke4 Ke6 63. Kf4 Bg6 64. Ke3 Kd5 65. Kf4 Ke6 66. Ke3 f5 67. gxf5+ Bxf5 68. Kd2 Kd5 69. Kc3 b5 70. Be7 Bh7 71. Bf6 b4+ 72. Kb3 Bd3 73. Bg7 Kc6 74. Ka4 Bc2+ 75. Ka5 Kd5 76. Kb5 Bd3+ 77. Ka4 Kc6 78. Bf6 Kb6 79. Kb3 Kb5 80. Bg7 c4+ 81. Kb2 Bh7 82. Bf6 Ka4 83. Be5 Kb5 84. Bd4 Kc6 85. Bf6 Kd5 86. Be7 c3+ 87. Kb3 c2 88. Bg5 Kc5 89. Be7+ Kb5 90. Bg5 1/2-1/2